000 00523nam a2200193 a 4500
001 1776331134462
003 YourLibrary
005 20260416145132.0
008 260416s2003##################000#0#eng##
020 _a9781843761242
082 0 4 _a361.65094897
_bTIM
100 1 _aTimonen, Virpi,
_eauthor.
245 1 0 _aRestructuring the Welfare State :
260 _bEdward Elgar Publishing,
_c2003.
300 _a240 pages
650 0 _aPolitical Science.
942 _cENGLISH
040 _aYourLibrary
_beng
_cYourLibrary
999 _c619457
_d619457